000 00900nam a2200265Ia 4500
003 OSt
005 20220923211158.0
006 a|||||r|||| 00| 0
007 ta
008 220922b |||||||| |||| 00| 0 hin d
020 _a8188123137 (hbk)
_c90
024 _a264,150
037 _b13328, 14/07/2012, Kitab Ghar
_cTextual
040 _aARTS
_cARTS
_bhin
041 _2hin
_ahin
082 _aO152,2N452x, N4
100 _aसहगल, प्रताप
_9156291
245 0 _aनौ लघु नाटक
246 _aNau laghu nāṭaka
260 _aदिल्ली
_b हिमाचल पुस्तक भण्डार
_c2010
300 _a124पृ.
_ccm.
650 _aहिन्दी साहित्य
_9156264
942 _hO152,2N452x, N4
_cTEXL
_2CC
999 _c296406
_d296406